Normal view
MARC view
- تمييزالأحكام -- الاردن
Entry Topical Term
001 - CONTROL NUMBER
- control field: 46835
003 - CONTROL NUMBER IDENTIFIER
- control field: JO-AjAnu
005 - DATE AND TIME OF LATEST TRANSACTION
- control field: 20230606081734.0
008 - FIXED-LENGTH DATA ELEMENTS
- fixed length control field: 230606|| aca||aabn | a|a d
040 ## - CATALOGING SOURCE
- Original cataloging agency: JO-AjAnu
- Transcribing agency: JO-AjAnu
150 ## - HEADING--TOPICAL TERM
- Topical term or geographic name entry element: تمييزالأحكام -- الاردن
670 ## - SOURCE DATA FOUND
- Source citation: Work cat.: (JO-AjAnu)23971: اعداد ، موسى الاعرج , author 46834, مجموعة المبادئ القانونية لمحكمة النمييز بصفتها محكمة عدل عليا منذ بداية سنة 1953 حتى نهاية سنة 1987، ج1